00620nam a22001817a 450000500170000001000150001702000260003203500140005803700130007208200120008510000190009724501420011626000230025827000540028130000250033550000500036070000280041020170615105951.0 aENG-118651 a9788184655933c185.00 aEN-102183 bDBAD/PUB a155.418 aPaul, Santy S. aOrganismic chistology : cby Santy S. Paul ; foreword by J. Jayakiran Sebastian bdeciphering the impasses of contexualities of christ / aDelhibISPCKc2016 a1585, Madrasa Road, Kashmere Gate bDelhie110006 axxi,143p.c21cm(pbk) aincludes bibliographical reference and index  aSebastian, J. Jayakiran